| 000 | 00512nam a2200157 4500 | ||
|---|---|---|---|
| 001 | 143587 | ||
| 003 | ES-MaACL | ||
| 005 | 20230906200842.0 | ||
| 007 | t| | ||
| 008 | 070214s1908 it r ||||1| ita d | ||
| 100 | 1 |
_aSergi, Giuseppe ( _d1841-1936) _9105546 |
|
| 245 | 1 | 0 |
_aEuropa _b: l'origine dei popoli europei e loro relazioni coi popoli d'Africa, d'Asia, d'Oceania / _cGiuseppe Sergi. |
| 260 |
_aTorino : _bVincenzo Bona, _c1908. |
||
| 300 |
_aXXII, 652 p. : _bil. ; _c24 cm. |
||
| 852 |
_aES-MaACL _jF-12691 |
||
| 999 |
_c143587 _d143587 |
||